000 00211nam a22000977a 4500
999 _c16189
_d16189
003 OSt
008 200617b ||||| |||| 00| 0 eng d
100 _aJ. P. Donleavy
_94608
245 _aA Singular Man
942 _cBK